2022 Winter Olympics Events - Statistics

General Stats
  • This quiz has been taken 199 times
  • The average score is 41 of 83
Answer Stats
Sport % Correct
Singles
89%
Figure Skating
86%
Ice Hockey
84%
Ice Hockey
84%
Snowboarding
82%
Ski Jumping
79%
Alpine Skiing
78%
Speed Skating
77%
Curling
76%
Curling
76%
Bobsleigh
75%
Cross-country Skiing
72%
Biathlon
71%
Parallel Giant Slalom
71%
Mixed doubles
70%
Downhill
68%
Slalom
68%
Single
67%
Skeleton
66%
Skeleton
66%
Open doubles
62%
Luge
61%
10 000 m
60%
1000 m
57%
5000 m
57%
5000 m relay
57%
500 m
55%
Halfpipe
55%
3000 m relay
54%
1500 m
53%
3000 m
52%
Freestyle Skiing
52%
Pair skating
51%
10 km sprint
49%
Large hill / 10 km
48%
Normal hill / 10 km
48%
2000 m relay
47%
30 km skiathlon
47%
15 km mass start
46%
4 x 10 km relay
46%
4 x 5 km relay
46%
Giant Slalom
46%
Team relay
46%
10 km classical
45%
10 km pursuit
45%
20 km individual
45%
4 x 6 km relay
45%
4 x 7.5 km relay
45%
50 km freestyle
45%
Short Track Speed Skating
45%
Super-G
45%
15 km classical
44%
30 km freestyle
44%
Moguls
44%
Nordic Combined
44%
15 km individual
43%
15 km skiathlon
43%
Ice dance
43%
7.5 km sprint
41%
Ski cross
37%
Team large hill / 4 x 5 km
37%
Large hill
36%
Large hill Team
36%
Normal hill
36%
Normal hill mixed
36%
12.5 km mass start
33%
Big air
33%
Team sprint classical
33%
Sprint freestyle
32%
Two-man
32%
Combined
31%
Four-man
31%
Mass start
30%
Monobob
30%
Snowboard cross
30%
Team pursuit
30%
Team Snowboard cross
30%
Two-woman
30%
Slopestyle
29%
Team Event
29%
12.5 km pursuit
22%
Aerials
20%
Mixed Aerials
20%
No matching quizzes found
Score Distribution
Percent of People with Each Score
Percentile by Number Answered
Your Score History
You have not taken this quiz